Quantitative analysis: (Record no. 60157)

MARC details
000 -LEADER
fixed length control field 00378nam a22001337a 4500
005 - DATE AND TIME OF LATEST TRANSACTION
control field 20260206091349.0
008 - FIXED-LENGTH DATA ELEMENTS--GENERAL INFORMATION
fixed length control field 260206b |||||||| |||| 00| 0 eng d
050 ## - LIBRARY OF CONGRESS CALL NUMBER
Classification number QA276.2
Item number .O85 2022
100 ## - MAIN ENTRY--PERSONAL NAME
Personal name Otieno, Lydia
245 ## - TITLE STATEMENT
Title Quantitative analysis:
Remainder of title revision kit
260 ## - PUBLICATION, DISTRIBUTION, ETC. (IMPRINT)
Place of publication, distribution, etc Nairobi, Kenya
Name of publisher, distributor, etc Strathmore University Press
Date of publication, distribution, etc 2022
300 ## - PHYSICAL DESCRIPTION
Extent 252 p.:
Dimensions 30 cm.
942 ## - ADDED ENTRY ELEMENTS (KOHA)
Source of classification or shelving scheme Library of Congress Classification
Item type Book
Holdings
Withdrawn status Lost status Source of classification or shelving scheme Damaged status Not for loan Collection code Home library Current library Shelving location Date acquired Source of acquisition Cost, normal purchase price Total Checkouts Full call number Barcode Checked out Date last seen Date last borrowed Copy number Price effective from Koha item type
    Library of Congress Classification     Non-fiction Bishop Okullu Memorial Library (Limuru Campus) Bishop Okullu Memorial Library (Limuru Campus) General Circulation 06/02/2026 Kaseneb donation 1500.00 1 QA276.2 .O85 2022 073035 15/04/2026 26/03/2026 26/03/2026 1 06/02/2026 Book